Les meilleurs buteurs de l'histoire du Chelsea FC - Statistiques

Statistiques générales
  • Ce quiz a été pris 153 fois
    51 depuis la dernière actualisation
  • Le résultat moyen est 3 sur 10
Statistiques - réponses
Buts Nationalité Joueur % Correct
164 Côte d'Ivoire Didier Drogba
100%
211 Angleterre Frank Lampard
95%
110 Belgique Eden Hazard
86%
150 Angleterre Peter Osgood
5%
132 Angleterre Jimmy Greaves
2%
202 Angleterre Bobby Tambling
0%
108 Angleterre George Hilsdon
0%
125 Angleterre George Mills
0%
193 Angleterre Kerry Dixon
0%
150 Angleterre Roy Bentley
0%
Aucun quiz correspondant
Distribution des résultats
% des personnes avec chaque résultat
Percentile par nombre de réponses
Votre historique - résultats
Vous n’avez pas pris ce quiz depuis la dernière actualisation